FIFA World Cup Top Scorers by Team - Statistics

General Stats
  • This quiz has been taken 42 times
  • The average score is 32 of 114
Answer Stats
Team Goals Competitions Footballer % Correct
Brazil 15 1998-2002-2006 Ronaldo
97%
Argentina 13 2006-2014-2018-2022 Lionel Messi
95%
Germany 16 2002-2006-2010-2014 Miroslav Klose
95%
Belgium 5 2014-2018 Romelu Lukaku
92%
Ivory Coast 2 2006-2010 Didier Drogba
89%
Bosnia and Herzegovina 1 2014 Edin Džeko
89%
Colombia 6 2014 James Rodríguez
89%
Portugal 9 1966 Eusébio
86%
England 10 1986-1990 Gary Lineker
86%
Egypt 2 2018 Mohamed Salah
86%
Spain 9 2006-2010-2014 David Villa
81%
Croatia 6 1998 Davor Šuker
78%
Italy 9 1990-1994-1998 Roberto Baggio
78%
Ukraine 2 2006 Andriy Shevchenko
76%
Bulgaria 6 1994 Hristo Stoichkov
76%
Mexico 4 2010-2014-2018 Javier Hernández
73%
Mexico 4 1998 Luis Hernández
73%
Croatia 6 2014-2018-2022 Ivan Perišić
70%
Austalia 5 2006-2010-2014 Tim Cahill
70%
France 13 1958 Just Fontaine
68%
Italy 9 1978-1982 Paolo Rossi
68%
Ecuador 6 2014-2022 Enner Valencia
65%
Japan 4 2010-2014-2018 Keisuke Honda
65%
South Korea 3 2014-2018-2022 Son Heung-min
65%
Sweden 5 1994-2002-2006 Henrik Larsson
62%
United States 5 2002-2010 Landon Donovan
62%
Italy 9 1998-2002 Christian Vieri
59%
Bolivia 1 1994 Erwin Sánchez
59%
Chile 4 1962 Leonel Sánchez
59%
Canada 1 2022 Alphonso Davies
57%
Cameroon 5 1990-1194 Roger Milla
57%
Republic of Ireland 3 2002 Robbie Keane
54%
Bosnia and Herzegovina 1 2014 Miralem Pjanić
46%
Ghana 6 2006-2010-2014 Asamoah Gyan
43%
Poland 10 1974-1978-1982 Grzegorz Lato
43%
South Korea 3 2002-2006-2010 Park Ji-sung
43%
Serbia 3 2018-2022 Aleksandar Mitrović
41%
Peru 10 1970-1978 Teófilo Cubillas
35%
Ivory Coast 2 2014 Gervinho
30%
Iran 2 2022 Mehdi Taremi
30%
Iceland 1 2018 Gylfi Sigurðsson
27%
Netherlands 7 1974-1978 Johnny Rep
27%
Russia 6 1994 Oleg Salenko
27%
Hungary 11 1954 Sándor Kocsis
27%
Algeria 2 2014 Islam Slimani
22%
Denmark 5 2002-2010 Jon Dahl Tomasson
22%
Costa Rica 3 2002-2006 Paulo Wanchope
22%
Nigeria 4 2014-2018 Ahmed Musa
19%
Chile 4 1998 Marcelo Salas
19%
Morocco 3 2018-2022 Youssef En-Nesyri
19%
Belgium 5 1998-2002 Marc Wilmots
16%
South Africa 2 1998-2002 Benni McCarthy
14%
Romania 4 1994 Florin Răducioiu
14%
Scotland 4 1974-1978-1982 Joe Jordan
14%
Sweden 5 1994 Kennet Andersson
14%
Slovakia 4 2010 Robert Vittek
14%
Greece 1 2014 Georgios Samaras
11%
Senegal 3 2002 Papa Bouba Diop
11%
Saudi Arabia 3 2018-2022 Salem Al-Dawsari
11%
Tunisia 3 2018-2022 Wahbi Khazri
11%
Ivory Coast 2 2014 Wilfried Bony
11%
South Korea 3 2002-2006 Ahn Jung-hwan
8%
Norway 2 1994-1998 Kjetil Rekdal
8%
Czech Republic 7 1934-1938 Oldřich Nejedlý
8%
Bosnia and Herzegovina 1 2014 Vedad Ibišević
8%
Algeria 2 2014 Abdelmoumene Djabou
5%
Qatar 1 2022 Mohammed Muntari
5%
Northern Ireland 5 1958 Peter McParland
5%
Iraq 1 1986 Ahmed Radhi
3%
Iceland 1 2018 Alfreð Finnbogason
3%
Greece 1 2014 Andreas Samaris
3%
Honduras 1 2014 Carlo Costly
3%
Greece 1 2010 Dimitris Salpingidis
3%
Austria 6 1954 Erich Probst
3%
Panama 1 2018 Felipe Baloy
3%
Angola 1 2006 Flávio Amado
3%
Switzerland 6 1954 Josef Hügi
3%
Israel 1 1970 Mordechai Spiegler
3%
Uruguay 8 1950-1954 Oscar Míguez
3%
Costa Rica 3 2002-2006 Rónald Gómez
3%
Algeria 2 1982 Salah Assad
3%
Saudi Arabia 3 1994-1998-2006 Sami Al-Jaber
3%
South Africa 2 1998 Shaun Bartlett
3%
Greece 1 2010 Vasilis Torosidis
3%
New Zealand 1 2010 Winston Reid
3%
Kuwait 1 1982 Abdullah Al-Buloushi
0%
Egypt 2 1934 Abdulrahman Fawzi
0%
United Arab Emirates 1 1990 Ali Thani Jumaa
0%
Ivory Coast 2 2006 Aruna Dindane
0%
Bosnia and Herzegovina 1 2014 Avdija Vršajević
0%
Turkey 3 1954 Burhan Sargun
0%
Honduras 1 1982 Eduardo Laing
0%
Haiti 2 1974 Emmanuel Sanon
0%
Kuwait 1 1982 Faisal Al-Dakhil
0%
Cuba 2 1938 Héctor Socorro
0%
Honduras 1 1982 Héctor Zelaya
0%
Turkey 3 2002 İlhan Mansız
0%
Wales 2 1958 Ivor Allchurch
0%
United Arab Emirates 1 1990 Khalid Ismaïl
0%
El Salvador 1 1982 Luis Ramírez Zapata
0%
Slovenia 1 2002 Milenko Ačimovič
0%
Togo 1 2006 Mohamed Kader
0%
Paraguay 3 2002-2006 Nelson Cuevas
0%
North Korea 2 1966 Pak Seung-Zin
0%
Slovenia 1 2010 Robert Koren
0%
Slovenia 1 2002 Sebastjan Cimirotič
0%
New Zealand 1 2010 Shane Smeltz
0%
Greece 1 2014 Sokratis Papastathopoulos
0%
New Zealand 1 1982 Steve Sumner
0%
New Zealand 1 1982 Steve Wooddin
0%
Turkey 3 1954 Suat Mamat
0%
Jamaica 2 1998 Theodore Whitmore
0%
Slovenia 1 2010 Valter Birsa
0%
Slovenia 1 2010 Zlatan Ljubijankić
0%
No matching quizzes found
Score Distribution
Percent of People with Each Score
Percentile by Number Answered
Your Score History
You have not taken this quiz